Ion exchange and solvent extraction

Zapisane w:
Opis bibliograficzny
1. autor: Sengupta, Arup K.
Format: Książka
Język:Undetermined
Wydane: New York Marcel Dekker 2001
Hasła przedmiotowe:
Etykiety: Dodaj etykietę
Nie ma etykietki, Dołącz pierwszą etykiete!
Thư viện lưu trữ: Trung tâm Học liệu Trường Đại học Cần Thơ
LEADER 00506nam a2200181Ia 4500
001 CTU_98650
008 210402s9999 xx 000 0 und d
082 |a 541.3723 
082 |b S477/Vol.14 
100 |a Sengupta, Arup K. 
245 0 |a Ion exchange and solvent extraction 
245 0 |c Arup K. Sengupta 
260 |a New York 
260 |b Marcel Dekker 
260 |c 2001 
650 |a Solvent extraction,Ion exchange 
904 |i Tuyến 
980 |a Trung tâm Học liệu Trường Đại học Cần Thơ